000 02287nam0a2200397 4500
001 RU\NLR\bibl\1859628
005 20260405195633.0
010 _a978-5-7765-0924-7
_9100
021 _aRU
_b2011-103040
_97369
035 _a(nilc)RSL-KNO-005370294
035 _a(NLR Aleph) 001849535
090 _a2382663
_c2382663
100 _a20120110d2011 |||y0rusy50 ca
101 0 _arus
102 _aRU
105 _aa |||||||||
200 1 _aФинансовая среда предпринимательства и предпринимательские риски
_eучебное пособие для студентов, обучающихся по направлению "Экономика" (степень-бакалавр) и специальности/профилю "Финансы и кредит"
_fИ.Е. Иванова
_gМ-во образования и науки Рос. Федерации, Федер. гос. бюджет. образоват. учреждение высш. проф. образования, "Комсом.-на-Амуре гос. техн. ун-т"
210 _aКомсомольск-на-Амуре
_cКнАГТУ
_d2011
215 _a197 с.
_cил.
_d21
320 _aБиблиогр.: с. 194-196 (39 назв.)
606 1 _aПредпринимательство
_jУчебные издания для высших учебных заведений
_xФинансирование
_yРоссийская Федерация
_92500985
_3RU\NLR\auth\661483342
606 1 _aПредпринимательский риск
_jУчебные издания для высших учебных заведений
_yРоссийская Федерация
_91728854
_3RU\NLR\auth\661068951
610 0 _aпредпринимательские риски
686 _aУ9(2)261.9я73-1
_2rubbk
686 _aУ9(2)29я73-1
_2rubbk
686 _aУ26(2)153.2я73
686 _aУ9(2)-13я73
700 1 _4070
_7ca
_8rus
_aИванова
_bИ. Е.
_cэкономист
_gИрина Евгеньевна
_970223
_3RU\NLR\auth\7787295
801 0 _aRU
_bRuMoRKP
_c20120110
_grcr
801 1 _aRU
_bРГБ
_c20120110
801 2 _aRU
_bNLR
_c20120124
_grcr
830 _aавт. по кн. и ЭК
942 _cBOOK
980 _aNB
980 _aNBR